000 00873nam a22002417a 4500
999 _c64736
_d64736
005 20240530110747.0
008 181208s2017 a g b 000 0 ara d
017 _a2016/16883
_bمصر. دار الكتب
020 _a9789776567252
040 _aEG-CaGPL
_cEG-CaGPL
082 0 4 _221
_a345.0268 \
_bض ج
100 0 _aضرغام جابر عطوش ال مواش
245 1 0 _aجريمة التجسس المعلوماتى :
_bدراسة مقارنة /
_cضرغام جابر عطوش ال مواش
250 _aط.1
260 _aالقاهرة :
_c2017 .
300 _a261 ص. ؛
_c24 سم.
504 _aيشتمل على ارجاعات ببليوجرافية
650 0 7 _2qrmak
_aجرائم المعلومات
650 0 7 _aالتجسس المعلوماتى
_2qrmak
651 _2qrmak
942 _2ddc
_cBK